000 00227nam a22000857a 4500
008 161022b xxu||||| |||| 00| 0 eng d
100 _9928
_aCorbett.S.etal
245 _aWhen Helping Hurts
260 _aChicago
_bMoody Publications
_c2012
999 _c3583
_d3583